000 00757cab a2200181 4500
001 L130620
008 050818n2005 000 0 eng u
035 _a(Sirsi) u130620
041 _aeng
100 _aRedman, Nicholas
245 _aPutting it simply
260 _c2005
490 _aProperty Week
_v70(31) 12 August 2005, 56-57(2)
520 _aDiscusses the new land registration rules that will come into effect on the 19 June 2006, which will require key lease information to be listed on the front of the document in the form of a table. This will be compulsory for all registered leases. Mentions what should be contained in the list.
590 _aIKA300805
690 _aPROPERTY-LEASEHOLD PROPERTY-LANDLORD AND TENANT-LEASES
942 _n0
999 _c75734
_d75734